[Event "Commonwealth-ch"]
[White "Amarnath, Inaganti"]
[Black "Bennett, Rhys"]
[Site "Glasgow"]
[Round "5"]
[Result "1/2-1/2"]
[Date "2014.07.04"]
[WhiteElo "2010"]
[BlackElo "1794"]
[PlyCount "116"]
[EventDate "2014.06.30"]
[EventType "swiss"]
[EventRounds "9"]
[EventCountry "SCO"]
[SourceTitle "CBM 161 Extra"]
[Source "ChessBase"]
[SourceDate "2014.08.29"]
[SourceVersion "1"]
[SourceVersionDate "2014.08.29"]
[SourceQuality "1"]

1. e4 e5 2. Nf3 Nc6 3. Bc4 Nf6 4. 0-0 Nxe4 5. Qe2 Nf6 6. Nxe5 Nxe5 7. Qxe5+ Be7 8. Nc3 c6 9. d4 d5 10. Bd3 0-0 11. Bg5 Be6 12. Rfe1 Ng4 13. Bxe7 Qxe7 14. Qh5 Nf6 15. Qh4 Rfe8 16. Re3 g6 17. Rg3 Nd7 18. Qxe7 Rxe7 19. Re1 Rae8 20. Rge3 Kf8 21. f3 Nf6 22. Na4 b6 23. Kf2 Bc8 24. b3 Rxe3 25. Rxe3 Re6 26. Nb2 Ke7 27. c4 Rxe3 28. Kxe3 Kd6 29. Kf4 h6 30. g4 Ne8 31. h4 Ng7 32. Nd1 Bd7 33. Nc3 Ne6+ 34. Ke3 Nc7 35. Ne2 Ne6 36. f4 Ng7 37. cxd5 Bxg4 38. Nc3 Nf5+ 39. Bxf5 Bxf5 40. dxc6 Kxc6 41. b4 Bc2 42. d5+ Kd6 43. Kd4 a6 44. a3 f6 45. Ne2 g5 46. fxg5 fxg5 47. hxg5 hxg5 48. Ng3 g4 49. Kc3 Bh7 50. Kd4 Bg6 51. Nf1 b5 52. Ng3 Bc2 53. Nf1 Bb1 54. Ng3 Bc2 55. Nf1 Bb1 56. Ng3 Bg6 57. Nf1 Bb1 58. Ng3 Bg6 1/2-1/2

[Event "W-ch Disabled"]
[White "Amarnath, Inaganti"]
[Black "Mansursky, Shevket"]
[Site "Dresden"]
[Round "7"]
[Result "1-0"]
[Date "2013.10.28"]
[WhiteElo "2023"]
[BlackElo "1751"]
[PlyCount "101"]
[EventDate "2013.10.22"]
[EventType "swiss"]
[EventRounds "7"]
[EventCountry "GER"]
[SourceTitle "CBM 157 Extra"]
[Source "ChessBase"]
[SourceDate "2013.12.19"]
[SourceVersion "1"]
[SourceVersionDate "2013.12.19"]
[SourceQuality "1"]

1. e4 c5 2. Nf3 Nc6 3. Bb5 a6 4. Bxc6 dxc6 5. d3 Qc7 6. Be3 e5 7. Qd2 Be7 8. Qc3 b6 9. Qxe5 Qxe5 10. Nxe5 Bb7 11. Nc3 b5 12. 0-0 h6 13. Ne2 Bd6 14. Nf3 Be7 15. Nc1 Nf6 16. Nb3 Nd7 17. Na5 Rb8 18. Bf4 Bd8 19. Bxb8 Bxa5 20. Bd6 f6 21. a4 b4 22. Nd2 Kf7 23. Nc4 Bd8 24. f4 Re8 25. e5 f5 26. d4 cxd4 27. Bxb4 c5 28. Nd6+ Ke7 29. Nxe8 Kxe8 30. Ba3 Bb6 31. Rfe1 Be4 32. Rxe4 fxe4 33. Re1 e3 34. b3 g6 35. Kf1 Nf8 36. Ke2 Ne6 37. Rf1 g5 38. g3 g4 39. Kd3 Kf7 40. b4 cxb4 41. Bxb4 Ke8 42. h3 h5 43. hxg4 hxg4 44. Rh1 Kd7 45. a5 Bc7 46. f5 Ng5 47. e6+ Kc6 48. e7 Kd7 49. Rh8 Kc6 50. e8Q+ Kb7 51. Qa8# 1-0

[Event "W-ch Disabled"]
[White "Amarnath, Inaganti"]
[Black "Hernandez Rojo, Flavio"]
[Site "Dresden"]
[Round "3"]
[Result "1-0"]
[Date "2013.10.24"]
[WhiteElo "2023"]
[BlackElo "2097"]
[PlyCount "49"]
[EventDate "2013.10.22"]
[EventType "swiss"]
[EventRounds "7"]
[EventCountry "GER"]
[SourceTitle "CBM 157 Extra"]
[Source "ChessBase"]
[SourceDate "2013.12.19"]
[SourceVersion "1"]
[SourceVersionDate "2013.12.19"]
[SourceQuality "1"]

1. e4 d5 2. exd5 Qxd5 3. Nc3 Qd6 4. Bc4 e6 5. Nf3 Nf6 6. 0-0 c6 7. d3 Be7 8. Qe2 Nbd7 9. Ne4 Nxe4 10. dxe4 b5 11. Bd3 Nc5 12. Rd1 Nxd3 13. Rxd3 Qc7 14. Bg5 h6 15. Bxe7 Qxe7 16. Rad1 0-0 17. Rd6 Qc7 18. Ne5 Bb7 19. Qh5 c5 20. Rd7 Rad8 21. Rxc7 Rxd1+ 22. Qxd1 Bxe4 23. Nxf7 Bd5 24. Nxh6+ gxh6 25. Qg4+ 1-0

[Event "W-ch Disabled"]
[White "Wenzel, Andreas1"]
[Black "Amarnath, Inaganti"]
[Site "Dresden"]
[Round "2"]
[Result "1/2-1/2"]
[Date "2013.10.23"]
[WhiteElo "1841"]
[BlackElo "2023"]
[PlyCount "67"]
[EventDate "2013.10.22"]
[EventType "swiss"]
[EventRounds "7"]
[EventCountry "GER"]
[SourceTitle "CBM 157 Extra"]
[Source "ChessBase"]
[SourceDate "2013.12.19"]
[SourceVersion "1"]
[SourceVersionDate "2013.12.19"]
[SourceQuality "1"]

1. e4 e6 2. d4 d5 3. Nc3 Bb4 4. e5 c5 5. a3 Bxc3+ 6. bxc3 Nc6 7. f4 Nge7 8. Nf3 Nf5 9. Bb5 Bd7 10. Bxc6 Bxc6 11. 0-0 c4 12. Qe1 Qd7 13. Bd2 0-0-0 14. Qb1 Ba4 15. Qb2 h6 16. Rab1 Kb8 17. Ne1 Bc6 18. a4 Bxa4 19. Ra1 Bc6 20. Nf3 Bb5 21. Rfb1 a6 22. Qa2 Qc6 23. Bc1 Kc8 24. Kf2 Rdg8 25. Ba3 Kd7 26. g4 Ne7 27. Bxe7 Kxe7 28. Qa3+ Kd7 29. f5 g6 30. f6 Re8 31. h4 Kc8 32. Rh1 Kc7 33. g5 h5 34. Rhb1 1/2-1/2

[Event "WCGD 1st"]
[White "Amarnath, Inaganti"]
[Black "Hoyer, Olaf"]
[Site "Dresden"]
[Round "5"]
[Result "1/2-1/2"]
[Date "2011.10.28"]
[WhiteElo "2044"]
[BlackElo "1916"]
[PlyCount "44"]
[EventDate "2011.10.25"]
[EventType "swiss"]
[EventRounds "7"]
[EventCountry "GER"]
[SourceTitle "EXT 2012"]
[Source "ChessBase"]
[SourceDate "2011.11.24"]
[SourceVersion "1"]
[SourceVersionDate "2011.11.24"]
[SourceQuality "1"]

1. e4 d5 2. exd5 Qxd5 3. Nc3 Qd6 4. Bc4 Nf6 5. Nge2 a6 6. d3 g6 7. Bf4 e5 8. Bg3 b5 9. Bb3 b4 10. Nb1 Nh5 11. Nd2 Bg7 12. Nc4 Qe7 13. Qd2 0-0 14. 0-0 Bb7 15. Qe3 Nc6 16. f3 Rfe8 17. Bf2 a5 18. Ba4 Red8 19. Rfe1 Qf6 20. Qe4 Qe6 21. Qe3 Qf6 22. Qe4 Qe6 1/2-1/2